00335nam a2200121Ia 4500008004100000041000800041082001700049100001800066245004500084260004200129300003300171365000900204240624s9999 xx 000 0 und d aeng a346.4204 STE aSTEWARD GEOFF aLOGOS AND NO GOS HOW TO UNDERSTAND AND G c2006aNew JerseybJohn Wiley and Sons axviii, : 222 : p. : cm. ; 22 cb30